| 000 | 01192nam a2200301Ia 4500 | ||
|---|---|---|---|
| 001 | ebr10229894 | ||
| 003 | CaPaEBR | ||
| 006 | m u | ||
| 007 | cr cn||||||||| | ||
| 008 | 070815r20072004enka sb 001 0 eng d | ||
| 020 | _z9780199236527 (pbk.) | ||
| 020 | _z0199236526 (pbk.) | ||
| 040 |
_aCaPaEBR _cCaPaEBR |
||
| 035 | _a(OCoLC)413614373 | ||
| 050 | 1 | 4 |
_aQC174.17.R46 _bM33 2007eb |
| 100 | 1 | _aMcComb, W. D. | |
| 245 | 1 | 0 |
_aRenormalization methods _h[electronic resource] : _ba guide for beginners / _cW.D. McComb. |
| 260 |
_aOxford : _bOxford University Press, _c2007. |
||
| 300 |
_axviii, 330 p. : _bill. |
||
| 500 | _aOriginally published: 2004. | ||
| 504 | _aIncludes bibliographical references (p. [320]-321) and index. | ||
| 533 |
_aElectronic reproduction. _bPalo Alto, Calif. : _cebrary, _d2009. _nAvailable via World Wide Web. _nAccess may be limited to ebrary affiliated libraries. |
||
| 650 | 0 | _aRenormalization (Physics) | |
| 650 | 0 | _aQuantum field theory. | |
| 655 | 7 |
_aElectronic books. _2local |
|
| 710 | 2 | _aebrary, Inc. | |
| 856 | 4 | 0 |
_uhttp://site.ebrary.com/lib/rucke/Doc?id=10229894 _zAn electronic book accessible through the World Wide Web; click to view |
| 999 |
_c39158 _d39158 |
||